000 00292nam a22001337a 4500
008 170927b xxu||||| |||| 00| 0 eng d
020 _a9781555425241
041 _aeng
080 _a37
100 _a46
101 _aEDU
245 _aPROMOTING ACTIVE LEARNING
_cMEYERS.C
942 _2udc
_cBK
999 _c30149
_d30149